La década del agua /

La protección de las focas en Terranova. Los comandos ecológicos de Greenpeace. La formación del grupo. La lluvia ácida. Las violaciones a convenios conservacionistas. El peligro de los residuos radiactivos.

Guardado en:
Autor Principal: Philpot, Trevor
Formato: Deslizar
Series:Frágil planeta tierra
Materias:
Etiquetas: Agregar Etiqueta
Sin Etiquetas, Sea el primero en etiquetar este registro!
LEADER 00976ngm a22002535g 4500
001 CEM.cems021897
008 130507b1993##################0###0#####d
005 20240919145516.0
245 1 0 |a La década del agua /  |c Trevor Philpot. 
300 |a 29'. 
490 0 |a Frágil planeta tierra 
500 |a En soporte VHS, consultar en ventanilla. 
520 |a La protección de las focas en Terranova. Los comandos ecológicos de Greenpeace. La formación del grupo. La lluvia ácida. Las violaciones a convenios conservacionistas. El peligro de los residuos radiactivos. 
538 |a Soporte: VHS - Norma: Pal N - Color - Grabación DRD 1993 - Hitachi=2387 
100 1 |a Philpot, Trevor 
082 5 7 |. 5/TIE 
653 |a ECOLOGIA 
653 |a GREENPEACE 
653 |a LLUVIA ACIDA 
653 |a LLUVIAS 
653 |a RESIDUOS RADIACTIVOS 
653 |a NIVEL PRIMARIO 
653 |a NIVEL SECUNDARIO 
859 |a CEMS  |b BIB. CEMS - Depto. Recursos Didacticos  |h 574.5  |i TIE  |k DRD  |p 540.12  |t Ej.1